000 01120nam a2200193 a 4500
008 161215e2006 ag |||g |||| 001 j spa d
020 _a9789500427777
041 _aspa
092 _c808
_l10
_sCAM
100 1 _aCamus, Albert.
_94332
245 3 _aEl extranjero /
_cAlbert Camus
250 _a3a ed.
_bTraducción Bonifacio del Carril
260 _aBuenos Aires:
_bEmecé;
_c2006.
300 _a160 p.
_c23x14 cm.
500 _aCamus, A. (2006). El extranjero. (3a ed.). Buenos Aires : Emecé.
505 _aExtranjero en la tierra, extranjero de su mismo, Meursault vive una angustiosa situación. Íntimamente ajero al alcance moral de sus actos, llega al asesinato, a la prisión, al patíbulo, y no hay para él, en este inevitable proceso, ni rebeldía ni esperanza. En estas páginas magistrales el realismo logra la perfección: Meursault nos refiere su historia, no la de sus razones y sentimientos, sino la de su imposible destino. El extranjero ha fundado la fama de Albert Camus, y es su novela capital. Un verdadero clásico de la literatura contemporánea.
655 _aNovela
_93091
942 _2ddc
_cLIT
999 _c3285
_d3285